000 00584nam a2200217Ii 4500
003 JO-AjNU
008 230606s9999||||xx |||||||||||||| ||und||
020 _a978-81-224-3812-3
040 _aJO-AjNU
_beng
_erda
_cJO-AjNU
041 _aeng
050 1 4 _aTA545 2015
100 3 _aAM C HANDRA,
_eauthor
_95232
245 0 0 _aHigher surveying
250 _a3 ed
264 3 1 _aNew Delhi:new age international
300 _a408p
336 _atext
_btxt
_2rdacontent
337 _aunmediated
_bn
_2rdamedia
338 _avolume
_bnc
_2rdacarrier
650 4 _aHigher surveying
_95233
999 _aE2704
_c2702
_d2702